000 00370nam a2200133Ia 4500
008 100328s9999 xx 000 0 und d
082 _b24479
100 _aगुप्त विजयकुमार
245 _aबागी
260 _bडायमंड पॅाकेट बुक्स
630 _aबागी
730 _aबागी
942 _cBOOK
999 _c517818
_d517815